000 00445nam a22001817a 4500
003 MPLRDC
005 20220104144134.0
008 210129b ||||| |||| 00| 0 eng d
020 _a7-80664-277-3
082 _a359.1 WADE
100 _aNICHOLAS WADE
245 _a千古魔镜: 化石
_c赵沛林 译
250 _a一版一刷
260 _a
_b长春
_c2001
300 _b
650 _a古生物学--化石
942 _cBK
_o359.1 WADE
999 _c46750
_d46740